000 00715nam a22001815i 4500
001 163424
003 ES-MaACL
005 20230906212733.0
008 000113s1864 fr a |||| | fre d
040 _aM-RACE
_bspa
_cM-RACE
_dCCPB | B
100 1 _aReynaud, Leonce.
_9131760
245 1 0 _aMémoire sur l'éclairage et le balisage des côtes de France /
_cpar Léonce Reynaud ; publié par ordre de Armand Béhic.
260 _aParis :
_b[s.n.],
_c1864 (
_fImprimerie Imperiale)
300 _a2 v. :
_bil. ;
_c32 y 51 cm.
501 _aContiene: Vol. 1: texto -- Vol. 2: Láminas: 6 p., 39 [i.e. 40] h. lám. (4 pleg.)
650 4 _aFaros-
_zFrancia.
_9136091
852 _aES-MaACL
_jB-9699-9700
_z-- Enc. hol.
999 _c163424
_d163424